SOURDOUGH MANIA : (Record no. 186537)
[ view plain ]
| 000 -LEADER | |
|---|---|
| fixed length control field | 02259nam a2200277 i 4500 |
| 005 - DATE AND TIME OF LATEST TRANSACTION | |
| control field | 20211216101555.0 |
| 008 - FIXED-LENGTH DATA ELEMENTS--GENERAL INFORMATION | |
| fixed length control field | 211216t2020 enkao g ||0 0 eng d |
| 020 ## - INTERNATIONAL STANDARD BOOK NUMBER | |
| International Standard Book Number | 9781911621935 |
| Terms of availability | RM 121.80 |
| Qualifying information | hardback |
| 040 ## - CATALOGING SOURCE | |
| Original cataloging agency | PPAK |
| Language of cataloging | eng |
| Transcribing agency | PPAK |
| Description conventions | rda |
| 082 04 - DEWEY DECIMAL CLASSIFICATION NUMBER | |
| Edition number | 23 |
| Classification number | 641.815 |
| 090 00 - LOCALLY ASSIGNED LC-TYPE CALL NUMBER (OCLC); LOCAL CALL NUMBER (RLIN) | |
| Classification number (OCLC) (R) ; Classification number, CALL (RLIN) (NR) | 641.815 |
| Feature heading | SUM |
| Feature heading | G |
| 100 1# - MAIN ENTRY--PERSONAL NAME | |
| Personal name | Šumer, Anita, |
| Relator term | author. |
| 245 10 - TITLE STATEMENT | |
| Title | SOURDOUGH MANIA : |
| Remainder of title | THE COMPLETE GUIDE TO SOURDOUGH BAKING / |
| Statement of responsibility, etc. | Anita Šumer. |
| 246 33 - VARYING FORM OF TITLE | |
| Title proper/short title | Sourdough mania |
| 264 #1 - PRODUCTION, PUBLICATION, DISTRIBUTION, MANUFACTURE, AND COPYRIGHT NOTICE | |
| Place of production, publication, distribution, manufacture | London : |
| Name of producer, publisher, distributor, manufacturer | Grub Street , |
| Date of production, publication, distribution, manufacture, or copyright notice | 2020. |
| Date of production, publication, distribution, manufacture, or copyright notice | ©2020 |
| 300 ## - PHYSICAL DESCRIPTION | |
| Extent | 288 pages : |
| Other physical details | colour illustrations, colour photographs ; |
| Dimensions | 25 cm. |
| 336 ## - CONTENT TYPE | |
| Source | rdacontent |
| Content type term | text |
| -- | still images |
| 337 ## - MEDIA TYPE | |
| Source | rdamedia |
| Media type term | unmediated |
| 338 ## - CARRIER TYPE | |
| Source | rdacarrier |
| Carrier type term | volume |
| 500 ## - GENERAL NOTE | |
| General note | Illustrations on endpapers. |
| 520 ## - SUMMARY, ETC. | |
| Summary, etc. | Anita Šumer is a passionate, self-taught, 100% sourdough baker and teacher, based in Slovenia who has become an international sensation – she now has over 70,000 followers on Instagram @sourdough_mania. She started baking sourdough when her husband was ill and could not eat yeasted bread. So successful has she been that she is now teaching sourdough baking around the world; 9 countries and across 3 continents. In 2017, she published her unique sourdough book in her native Slovenia, a first of its kind and the book received two Gourmand World Cookbook Awards. The book has now been published in German, Dutch, French and Croatian. The book features both simple-to-make recipes and more ambitious recipes for more festive occasions. Readers can feast their eyes (and later their stomachs) on rye bread, simple white bread, corn bread, buckwheat bread, fruit bread, donuts, brioches and much more. Sourdough Mania contains chapters on types of grain, making a sourdough leven, the baking process, ingredients and useful tools. Every stage is fully illustrated with step-by-step photography on weighing, mixing, kneading, shaping, scoring, and baking, to take you on a journey to the healthy world of sourdough baking made easy. Anita has started a real bread revolution which more and more people are joining in to bake healthier and more delicious bread. Sourdough Mania is here. |
| 650 10 - SUBJECT ADDED ENTRY--TOPICAL TERM | |
| Topical term or geographic name entry element | Sourdough bread. |
| Topical term or geographic name entry element | Cooking (Sourdough) |
| 942 ## - ADDED ENTRY ELEMENTS (KOHA) | |
| Source of classification or shelving scheme | Dewey Decimal Classification |
| Koha item type | Book |
| Withdrawn | Not for loan | Current library | Shelving location | Date acquired | Total Checkouts | Total Renewals | Full call number | Barcode | Date last seen | Date last checked out | Koha item type | Checked out |
|---|---|---|---|---|---|---|---|---|---|---|---|---|
| Perpustakaan Alor Setar | Pinjaman Dewasa | 26/01/2022 | 6 | 2 | 641.815 SUM | A01720628 | 15/05/2025 | 27/03/2025 | Book | |||
| Perpustakaan Awam Sungai Petani | Pinjaman Dewasa | 26/01/2022 | 1 | 641.815 SUM | A01720629 | 13/04/2026 | 13/04/2026 | Book | 04/05/2026 |